Дело об оставлении на дальнейшей службе режиссёра немецкой труппы Альбрехта

RUSMARC
00004968cbc2a2200000#x 450
0013fc21022-e660-4d11-a7d9-3592f9e943e8
00520190725155443.0
100##$a20161212l18101810k l0rusy0189 ca
1010#$arus
102##$aRU
2001#$aДело об оставлении на дальнейшей службе режиссёра немецкой труппы Альбрехта
$j31 октября - 4 ноября 1810 г.
251##$cДело
300##$aРукописный текст. Чернила
801#0$aRU
$bРГИА
$c20161212
801#1$aRU
$bГлавНИВЦ
$c20161212
$2rusmarc
801#2$aRU
$bПБ им. Б.Н. Ельцина
$c20180928
$gRCR
$2rusmarc
850##$aФедеральное казенное учреждение "Российский государственный исторический архив" (РГИА)
852##$aРГИА
$j187
937##$hРГИА
$d12234007
$aASBIBLIO_SCAN
462#0$1001dd3991dc-24e1-42ec-8838-ca4255420416
$12001
$a1746-1850 гг.
$vД. 187
$1251
$cОпись
$1852
$j1
461#0$10019264ebf8-de62-4f1a-9eb4-9f22098dbbd5
$12001
$aДирекция императорских театров МИДв
$1251
$cФонд
$1852
$j497
215##$a4 листа
$d36,5х26 см
371##$aДокумент не является опубликованным и широко распространяемым
105##$ay###
1222#$ad18101031##
$ad18101104##
035##$a3fc21022-e660-4d11-a7d9-3592f9e943e8
856##$uhttp://readingroom.main.prlib.ru/item.aspx?id_node=n118725550&mode=full
686##$2rubbk
$a85.334.3(2=411.2)52ю1
$vLBC/M
686##$a63.3(2)52-7ю1
$vLBC/M
$2rubbk
6061#$2prlib_sh
$3LIBNET\UAF\0000080842
$aАктеры
$jДокументы и материалы
$yРоссия
6061#$2prlib_sh
$3LIBNET\UAF\0000083585
$aТеатр
$jДокументы и материалы
$yРоссия
$z1-я пол. 19 в.
605##$2acquisition_Prlib
$3DITM\AF\0000003834
$aНарод
$lколлекция
605##$aГод театра в России
$lколлекция
$2acquisition_Prlib
$3LIBNET\UAF\0000080478
Формат отображения